[Event "Texas-ch"]
[Site "Dallas"]
[Date "2003.05.25"]
[Round "5"]
[White "Tia, Rudy G"]
[Black "Secheli, Gheorghe"]
[Result "1-0"]
[WhiteElo "2116"]
[BlackElo "2084"]
[PlyCount "145"]
[EventDate "2003.05.23"]
[EventType "swiss"]
[EventRounds "7"]
[EventCountry "USA"]
[SourceTitle "EXT 2005"]
[Source "ChessBase"]
[SourceDate "2004.11.15"]
[SourceVersion "1"]
[SourceVersionDate "2004.11.15"]
[SourceQuality "1"]

1. Nf3 Nf6 2. g3 g6 3. Bg2 Bg7 4. 0-0 0-0 5. d3 d5 6. Nbd2 c5 7. e4 Nc6 8. c3 e5 9. Kh1 Rb8 10. a3 b5 11. b4 dxe4 12. Nxe4 cxb4 13. axb4 Nd5 14. Qb3 Nb6 15. Nc5 Nd7 16. Be3 a5 17. bxa5 Nxa5 18. Qa2 Nb7 19. Na6 Ra8 20. Qd5 Nb8 21. Qxd8 Rxd8 22. Nxb8 Rxb8 23. d4 exd4 24. Nxd4 Bd7 25. Bf4 Rbc8 26. Bxb7 Rxc3 27. Rad1 Bg4 28. Ne2 Rcd3 29. Rxd3 Rxd3 30. f3 Be6 31. Rb1 Bc4 32. Ba6 h6 33. Bxb5 Bxb5 34. Rxb5 Rxf3 35. Be5 Re3 36. Bxg7 Kxg7 37. Nf4 Re4 38. Kg2 h5 39. Kf3 Ra4 40. Rb3 Ra2 41. h4 Ra5 42. Nh3 Ra7 43. Ng5 Re7 44. Re3 Ra7 45. Re8 Ra3+ 46. Kf4 Ra4+ 47. Re4 Ra7 48. Rc4 Re7 49. Ne4 Kf8 50. Nd6 Kg7 51. Rc7 Rxc7 52. Ne8+ Kf8 53. Nxc7 f6 54. Nd5 Kf7 55. Nc3 Ke6 56. Ne4 Kf7 57. Ke3 Ke6 58. Kd4 Kf5 59. Nf2 g5 60. Ke3 Ke5 61. Ne4 Kf5 62. Kf3 Kg6 63. Nd6 f5 64. Ne8 Kh6 65. Nc7 f4 66. hxg5+ Kxg5 67. Ne6+ Kf5 68. Nxf4 Kg5 69. Ng2 Kf5 70. Nf4 Kg5 71. Nh3+ Kf5 72. Nf2 Kg5 73. Kg2 1-0

[Event "Texas-ch"]
[Site "Dallas"]
[Date "2002.05.27"]
[Round "6.8"]
[White "Tia, Rudy G"]
[Black "Endsley, Barry E"]
[Result "1-0"]
[WhiteElo "2109"]
[BlackElo "2010"]
[PlyCount "111"]
[EventDate "2002.05.24"]
[EventType "swiss"]
[EventRounds "7"]
[EventCountry "USA"]
[SourceTitle "EXT 2003"]
[Source "ChessBase"]
[SourceDate "2002.11.25"]
[SourceVersion "1"]
[SourceVersionDate "2002.11.25"]
[SourceQuality "1"]

1. Nf3 d5 2. g3 c5 3. Bg2 g6 4. 0-0 Bg7 5. d3 Nf6 6. Nbd2 Nc6 7. e4 0-0 8. c3 dxe4 9. dxe4 h6 10. Qe2 Be6 11. Nb3 b6 12. Nfd2 Qd7 13. a4 Bh3 14. a5 Bxg2 15. Kxg2 Ne5 16. Nf3 Nxf3 17. Qxf3 Qe6 18. Nd2 b5 19. Qe3 c4 20. f3 Rfd8 21. Nb1 Rd3 22. Qf2 Nd7 23. Na3 Ne5 24. Be3 a6 25. Nc2 Nc6 26. Bb6 Qd7 27. Qe1 Be5 28. Ne3 e6 29. Ng4 h5 30. Nf2 Rd6 31. f4 Bg7 32. Rd1 Ne7 33. Bc5 Rxd1 34. Qxd1 Rd8 35. Qxd7 Rxd7 36. Bxe7 Rxe7 37. Rd1 Bf8 38. e5 Ra7 39. Rd8 Kg7 40. Ne4 Be7 41. Rc8 Kh7 42. Kf3 Kg7 43. Rc6 Kf8 44. Rc8+ Kg7 45. Ke3 Kh7 46. Rc6 Bd8 47. Nc5 Bxa5 48. Rxa6 Rxa6 49. Nxa6 Bb6+ 50. Ke4 Kg7 51. Nb8 Bc5 52. Nd7 Ba7 53. Kf3 Kh6 54. Nf6 b4 55. cxb4 Bd4 56. b5 1-0

[Event "Thompson Memorial op"]
[Site "Dallas"]
[Date "2000.08.05"]
[Round "2"]
[White "Tia, Rudy G"]
[Black "Suarez, Andres"]
[Result "1-0"]
[WhiteElo "2148"]
[BlackElo "2085"]
[PlyCount "67"]
[EventDate "2000.08.04"]
[EventType "swiss"]
[EventRounds "5"]
[EventCountry "USA"]
[SourceTitle "EXT 2005"]
[Source "ChessBase"]
[SourceDate "2004.11.15"]
[SourceVersion "1"]
[SourceVersionDate "2004.11.15"]
[SourceQuality "1"]

1. Nf3 d5 2. g3 Nf6 3. d3 g6 4. Bg2 Bg7 5. 0-0 0-0 6. Nbd2 Nbd7 7. e4 e5 8. b3 c6 9. Bb2 Re8 10. b4 Qb6 11. a3 a5 12. c3 Nf8 13. Qc2 Nh5 14. Nb3 axb4 15. cxb4 f5 16. Nc5 Qc7 17. a4 b6 18. Nb3 Qd6 19. b5 cxb5 20. axb5 Bd7 21. exd5 Bxb5 22. Rxa8 Rxa8 23. Re1 Nd7 24. Nbd2 Re8 25. Nd4 Ba6 26. Ne6 Bxd3 27. Qxd3 Rxe6 28. Nc4 Qb4 29. Bc3 Nc5 30. Bxb4 Nxd3 31. dxe6 Nxb4 32. Nxe5 Nc2 33. e7 Nf6 34. Bd5+ 1-0

[Event "NATO-ch 10th"]
[Site "Stetten"]
[Date "1999.09.13"]
[Round "1.20"]
[White "Tia, Rudy G"]
[Black "Molin, Fabio"]
[Result "1-0"]
[WhiteElo "2105"]
[BlackElo "1800"]
[PlyCount "77"]
[EventDate "1999.09.13"]
[EventType "swiss"]
[EventRounds "7"]
[EventCountry "GER"]
[SourceTitle "EXT 2008"]
[Source "ChessBase"]
[SourceDate "2007.11.25"]
[SourceVersion "1"]
[SourceVersionDate "2007.11.25"]
[SourceQuality "1"]

1. Nf3 Nf6 2. g3 g6 3. Bg2 Bg7 4. 0-0 0-0 5. d3 d6 6. e4 c6 7. Nbd2 Nbd7 8. c3 e5 9. a4 a5 10. Nc4 Qc7 11. Nfd2 Nc5 12. Qe2 b5 13. axb5 cxb5 14. Ne3 Bb7 15. f4 Rfd8 16. Nf3 a4 17. Nh4 Nb3 18. Rb1 Qc5 19. Kh1 Rac8 20. Nc2 Nd4 21. Nxd4 exd4 22. cxd4 Qxd4 23. Be3 Qb4 24. f5 Qb3 25. fxg6 hxg6 26. Bd4 Nh5 27. Bxg7 Nxg7 28. Qf3 Qe6 29. Bh3 f5 30. Qf2 Rc5 31. Kg1 Rf8 32. Qf4 Qf6 33. Qh6 Kf7 34. exf5 Qd4+ 35. Rf2 Rc2 36. fxg6+ Ke8 37. Re1+ Kd8 38. Qg5+ Rf6 39. Qxf6+ 1-0

[Event "NATO-ch 09th"]
[Site "Portsmouth"]
[Date "1998.10.06"]
[Round "3"]
[White "Toll, Alec J"]
[Black "Tia, Rudy G"]
[Result "0-1"]
[WhiteElo "2100"]
[BlackElo "2055"]
[PlyCount "128"]
[EventDate "1998.10.??"]
[EventType "swiss"]
[EventRounds "7"]
[EventCountry "ENG"]
[SourceTitle "EXT 2014"]
[Source "ChessBase"]
[SourceDate "2013.11.20"]
[SourceVersion "1"]
[SourceVersionDate "2013.11.20"]
[SourceQuality "1"]

1. b3 e5 2. Bb2 d6 3. e3 f5 4. Be2 Nf6 5. Nh3 Be7 6. f4 e4 7. 0-0 d5 8. c4 c6 9. Na3 Be6 10. Rc1 0-0 11. Ng5 Bd7 12. Nb1 h6 13. Nh3 Be6 14. Nc3 Kh8 15. cxd5 Nxd5 16. Nf2 Bf6 17. g4 g6 18. Kh1 Nd7 19. Rg1 Rg8 20. Qf1 Qe7 21. Qh3 Qh7 22. g5 hxg5 23. Rxg5 Qxh3 24. Nxh3 Kg7 25. Rcg1 Kf7 26. R5g2 Nf8 27. Ng5+ Ke7 28. Bc4 Nxc3 29. Nxe6 Nd5 30. Nxf8 Bxb2 31. Nxg6+ Kf6 32. Nh4 Rxg2 33. Nxg2 Nb4 34. Rb1 Ba3 35. Be2 Rd8 36. Rd1 Nxa2 37. Ne1 Bc1 38. d3 Bxe3 39. dxe4 Rxd1 40. e5+ Ke6 41. Bxd1 Bxf4 42. Nd3 Be3 43. Kg2 a5 44. Kf3 Bd4 45. h4 Nb4 46. Nxb4 axb4 47. Kf4 Bxe5+ 48. Kg5 f4 49. Bf3 Bd6 50. h5 Ke5 51. h6 Be7+ 52. Kg4 Bf8 53. h7 Bg7 54. Kg5 c5 55. Kg4 b5 56. Be2 c4 57. Kf3 Kd4 58. Kxf4 c3 59. Bd1 Kd3 60. Kf3 c2 61. Bxc2+ Kxc2 62. Ke3 Kxb3 63. Kd3 Ka3 64. h8Q Bxh8 0-1